Lịch sử kháng chiến chống Mỹ, cứu nước 1954 - 1975

Nội dung tập II mang tiêu đề Chuyển chiến lược, gồm năm chương, từ chương IV đến chương VIII, trình bày các sự kiện lịch sử từ sau Hiệp định Giơnevơ đến kết thúc cuộc đồng khởi vĩ đại của nhân dân miền Nam 1960....

Deskribapen osoa

Gorde:
Xehetasun bibliografikoak
Formatua: Liburua
Hizkuntza:Undetermined
Argitaratua: Hà Nội Chính trị Quốc gia 2015
Gaiak:
Etiketak: Etiketa erantsi
Etiketarik gabe, Izan zaitez lehena erregistro honi etiketa jartzen!
Thư viện lưu trữ: Trung tâm Học liệu Trường Đại học Cần Thơ
LEADER 01033nam a2200217Ia 4500
001 CTU_207064
008 210402s9999 xx 000 0 und d
020 |c 102000 
082 |a 959.7043 
082 |b L302/T.2 
245 0 |a Lịch sử kháng chiến chống Mỹ, cứu nước 1954 - 1975 
245 0 |c Nguyễn Văn Minh chủ biên 
260 |a Hà Nội 
260 |b Chính trị Quốc gia 
260 |c 2015 
520 |a Nội dung tập II mang tiêu đề Chuyển chiến lược, gồm năm chương, từ chương IV đến chương VIII, trình bày các sự kiện lịch sử từ sau Hiệp định Giơnevơ đến kết thúc cuộc đồng khởi vĩ đại của nhân dân miền Nam 1960. 
650 |a Chiến tranh Việt Nam,Việt Nam,Vietnam war,Vietnam 
650 |x Lịch sử 
650 |y 1954-1975,1954-1975,History 
904 |i Tuyến 
980 |a Trung tâm Học liệu Trường Đại học Cần Thơ